| 000 | 00583nam a2200181 a 4500 | ||
|---|---|---|---|
| 001 | 000728017 | ||
| 003 | AM-YeHGA | ||
| 005 | 20250618073742.0 | ||
| 008 | 100413s1956 aj r 000 0 aze d | ||
| 040 | _aAM-YeHGA | ||
| 041 | 0 | _aaze | |
| 100 | 1 |
_aՀուրունց, Լեոնիդ Կարախանի, _d1913-1982 _92643 |
|
| 245 | 1 | 0 |
_aЗолотое утро : _bПовест / _cЛ. Гурунц. |
| 260 |
_aБаку : _bИзд-во детской и юношеск. лит-ры, _c1956. |
||
| 300 | _a526 с. | ||
| 650 | 1 | 4 | _aАрмянская литература |
| 090 | _c270746 | ||
| 999 |
_c269109 _d269109 |
||